Basic techniques in molecular biology / (Record no. 592981)
[ view plain ]
| 000 -LEADER | |
|---|---|
| fixed length control field | 01796cam a22003134a 4500 |
| 001 - CONTROL NUMBER | |
| control field | 11814266 |
| 003 - CONTROL NUMBER IDENTIFIER | |
| control field | NUST |
| 005 - DATE AND TIME OF LATEST TRANSACTION | |
| control field | 20230124154527.0 |
| 008 - FIXED-LENGTH DATA ELEMENTS--GENERAL INFORMATION | |
| fixed length control field | 991019s2000 gw a b 001 0 eng |
| 010 ## - LIBRARY OF CONGRESS CONTROL NUMBER | |
| LC control number | 99055150 |
| 020 ## - INTERNATIONAL STANDARD BOOK NUMBER | |
| International Standard Book Number | 3540666788 (alk. paper) |
| 040 ## - CATALOGING SOURCE | |
| Original cataloging agency | DLC |
| Transcribing agency | DLC |
| Modifying agency | DLC |
| 042 ## - AUTHENTICATION CODE | |
| Authentication code | pcc |
| 050 00 - LIBRARY OF CONGRESS CALL NUMBER | |
| Classification number | QH506 |
| Item number | .S89 2000 |
| 082 00 - DEWEY DECIMAL CLASSIFICATION NUMBER | |
| Classification number | 572.8 |
| Edition number | 21 |
| 100 1# - MAIN ENTRY--PERSONAL NAME | |
| Personal name | Surzycki, Stefan, |
| Dates associated with a name | 1936- |
| 9 (RLIN) | 107559 |
| 245 10 - TITLE STATEMENT | |
| Title | Basic techniques in molecular biology / |
| Statement of responsibility, etc. | Stefan Surzycki. |
| 260 ## - PUBLICATION, DISTRIBUTION, ETC. | |
| Place of publication, distribution, etc. | Berlin ; |
| -- | New York : |
| Name of publisher, distributor, etc. | Springer, |
| Date of publication, distribution, etc. | c2000. |
| 300 ## - PHYSICAL DESCRIPTION | |
| Extent | viii, 434 p. : |
| Other physical details | ill. ; |
| Dimensions | 25 cm. |
| 440 #0 - SERIES STATEMENT/ADDED ENTRY--TITLE | |
| Title | Springer lab manual |
| 9 (RLIN) | 107560 |
| 504 ## - BIBLIOGRAPHY, ETC. NOTE | |
| Bibliography, etc. note | Includes bibliographical references and index. |
| 505 ## - FORMATTED CONTENTS NOTE | |
| Formatted contents note | General Aspects of DNA Isolation and Purification -- Preparation of Genomic DNA from Animal Cells -- Preparation of Genomic DNA from Plant Cells -- Preparation of Genomic DNA from Bacteria -- Isolation of Plasmid DNA -- Isolation and Purification of RNA -- Isolation of PolyA+ RNA -- Agarose Gel Electrophoresis of DNA -- Preparation of Probes for Hybridization -- Nucleic Acid Hybridization. A Theoretical Consideration -- DNA Transfer and Hybridization -- Northern Transfer and Hybridization -- DNA Cloning. General Consideration -- DNA Cloning - Experimental Procedures -- DNA Sequencing -- PCR Analysis |
| 650 #0 - SUBJECT ADDED ENTRY--TOPICAL TERM | |
| Topical term or geographic name entry element | Molecular biology |
| Form subdivision | Laboratory manuals. |
| 9 (RLIN) | 2567 |
| 650 #0 - SUBJECT ADDED ENTRY--TOPICAL TERM | |
| Topical term or geographic name entry element | Molecular genetics |
| Form subdivision | Laboratory manuals. |
| 9 (RLIN) | 107561 |
| 856 42 - ELECTRONIC LOCATION AND ACCESS | |
| Materials specified | Publisher description |
| Uniform Resource Identifier | <a href="http://www.loc.gov/catdir/enhancements/fy0818/99055150-d.html">http://www.loc.gov/catdir/enhancements/fy0818/99055150-d.html</a> |
| 906 ## - LOCAL DATA ELEMENT F, LDF (RLIN) | |
| a | 7 |
| b | cbc |
| c | orignew |
| d | 1 |
| e | ocip |
| f | 19 |
| g | y-gencatlg |
| 942 ## - ADDED ENTRY ELEMENTS (KOHA) | |
| Source of classification or shelving scheme | |
| Koha item type | Book |
| Withdrawn status | Lost status | Source of classification or shelving scheme | Damaged status | Not for loan | Permanent Location | Current Location | Date acquired | Source of acquisition | Full call number | Barcode | Date last seen | Copy number | Price effective from | Koha item type |
|---|---|---|---|---|---|---|---|---|---|---|---|---|---|---|
| Atta-ur-Rahman School of Applied Biosciences (ASAB) | Atta-ur-Rahman School of Applied Biosciences (ASAB) | 01/20/2023 | Purchase / (Progressive Books) | 572.8 SUR 2000 3515 | ASAB3515 | 01/24/2023 | 1 | 01/24/2023 | Book |
